| 000 | 01420nam a22003857a 4500 | ||
|---|---|---|---|
| 003 | CHAP | ||
| 005 | 20220817042929.0 | ||
| 008 | 971013s1986 r 00010 d | ||
| 010 | _a60224 | ||
| 011 | _a61196 | ||
| 035 | _a65360 | ||
| 040 | _cCHAP | ||
| 090 | _aTesis | ||
| 100 | 0 | 0 |
_aRodríguez Matamoros, Jesús. _998685 |
| 245 | _aEvaluación de cinco genotipos de cebada maltera (Hordeum vulgare L.) bajo cuatro densidades de siembra en el Valle de Juárez | ||
| 260 |
_aCd. Juárez, Chih. : _bEl autor, _c1986 |
||
| 300 |
_a72 h. _b: ilus. |
||
| 502 | _aTesis (Ing. Agr. Esp. en Fitotecnia) --Escuela Superior de Agricultura Hermanos Escobar. Departamento de Fitotecnia | ||
| 590 |
_aALEPH _b10 _c20130110 _lUCH01 _h1339 |
||
| 590 |
_aBATCH-UPD _b10 _c20130110 _lUCH01 _h0355 |
||
| 590 |
_aBATCH-UPD _b10 _c20130110 _lUCH01 _h1855 |
||
| 590 |
_aBATCH-UPD _b10 _c20130410 _lUCH01 _h0029 |
||
| 590 |
_aBATCH-UPD _b10 _c20130410 _lUCH01 _h1546 |
||
| 590 |
_aBATCH-UPD _b10 _c20130914 _lUCH01 _h0904 |
||
| 590 |
_aCONVERSION _b10 _c20130109 _lUCH01 _h1332 |
||
| 650 | 1 | 4 | _aCebada maltera. |
| 650 | 1 | 4 |
_aCebada _xChihuahua. _920665 |
| 650 | 1 | 4 |
_aCebada _xEspaciamiento. _920677 |
| 650 | 1 | 4 |
_aCebada _xRendimiento. _920707 |
| 700 | 0 |
_aMartínez Torres, Rosalba. _972566 |
|
| 901 | _aBK | ||
| 942 | _cFOLL | ||
| 949 |
_bBC _cTES _d-145709 _eTS1 _h29105 _i65360 _si |
||
| 949 |
_bBC _cTES _d33724000090023 _eTS2 _fc.2 _h29106 _i65360 _si |
||
| 999 |
_c60224 _d60224 |
||